000
00299nam a2200097Ia 4500
008
220204s9999 xx 000 0 und d
082
_a
NR:339.564
_b
UPA
245
0
_a
National workshop on export possibilities and procedures of natural rubber products
260
_a
Kottayam
_b
UPASI
_c
1992
942
_c
BK
999
_c
40445
_d
40445